MARC

LEADER 00000nam0a2200000 4500
001 10610
005 20231030183113.0
035 |a (RuTPU)RU\TPU\book\10673 
035 |a BOOK00010739 
090 |a 10610 
100 |a 20011209d1999 km y0rusy50 ca 
101 0 |a rus 
102 |a RU 
105 |a y z 00 zd 
200 1 |a Темнее всего перед рассветом  |e Россия (СССР) - Запад: идейные и экономические битвы цивилизаций накануне 2000 года  |f А. Н. Чекалин 
210 |a Москва  |d 1999 
215 |a 816 с. 
600 1 |a Ельцин  |g Борис Николаевич  |c российский государственный и политический деятель  |f 1931-  |b Б. Н.  |c 1-й президент РФ  |2 stltpui  |3 (RuTPU)RU\TPU\pers\1064 
600 1 |a Зюганов  |b Г. А.  |c российский политический деятель  |f 1944-  |g Геннадий Андреевич  |c председатель КПРФ  |2 stltpush  |3 (RuTPU)RU\TPU\pers\8741 
610 1 |a экономика 
610 1 |a политика 
610 1 |a СССР 
610 1 |a Россия 
610 1 |a 20 век 
686 |a У9(2)0  |v LBC/SL-A  |2 rubbk 
686 |a Ф3(2)  |v LBC/SL-A  |2 rubbk 
700 1 |a Чекалин  |b А. Н.  |g Александр Николаевич 
801 0 |a RU  |b 63413507  |c 20011209  |g PSBO 
801 2 |a RU  |b 63413507  |c 20120214  |g PSBO 
942 |c BK